Formar niños productores de textos /

Guardado en:
Autor Principal: Jolibert, Josette
Otros Autores: Galdames Franco, Viviana, Medina Moreno, Alejandra
Formato: Libro
Publicado: Chile : Hachette, 1991
Materias:
Etiquetas: Agregar Etiqueta
Sin Etiquetas, Sea el primero en etiquetar este registro!
LEADER 01087nam a22002655a 4500
001 CEM.cems003505
005 19000101000000.0
008 130507s1991##################000#0#####d
003 CEMS
020 |a 9562011096 
082 0 4 |a 372.6 
100 1 |a Jolibert, Josette 
245 1 0 |a Formar niños productores de textos /  |c Josette Jolibert ; traducción de Viviana Galdames Franco y Alejandra Medina Moreno 
260 |a Chile :  |b Hachette,  |c 1991 
300 |a 182 p. 
505 0 |a Para formar niños productores de textos ¿Que objetivos de aprendizaje? -- Nuestros opciones pedagicas -- Trabajar en módulos de aprendizaje -- Siete tipos de textos en módulos de aprendizaje -- Organización de la clase y programación de los aprendizajes 
653 |a Educación 
653 |a Escritura 
653 |a Lenguaje 
653 |a Lingüistica 
653 |a Psicolinguistica 
700 1 |a Galdames Franco, Viviana 
700 1 |a Medina Moreno, Alejandra 
859 |a CEMS  |b BIB. CEMS - 11 de abril  |h 372.6  |i J681  |p 16830.93  |t Ej.1 
859 |a CEMS  |b BIB. CEMS - 11 de abril  |h 372.6  |i J681  |p 23518.06  |t Ej.2